Derecho civil patrimonial II.

Guardado en:
Detalles Bibliográficos
Autor principal: Cárdenas Quirós, Carlos (autor)
Formato: Libro
Lenguaje:inglés
Publicado: Lima: Universidad de Lima; D.U. De coordinación y desarrollo académico, Departamento de Publicación de Material de Lectura, [199-].
Materias:
Etiquetas: Agregar Etiqueta
Sin Etiquetas, Sea el primero en etiquetar este registro!

MARC

LEADER 00000nam a22000007a 4500
003 CL-VaPUC
005 20231116114612.0
008 231108s199- ||||| |||| 00| 0 eng d
999 |c 442326  |d 442324 
040 |c Pontificia Universidad Católica de Valparaíso 
082 |2 22  |a 346.8504 CAR [199-] 
100 |9 605590  |a Cárdenas Quirós, Carlos  |e autor 
245 |a Derecho civil patrimonial II.  
260 |a Lima:  |b Universidad de Lima;  |b D.U. De coordinación y desarrollo académico,  |b Departamento de Publicación de Material de Lectura,   |c [199-]. 
300 |a 880 páginas.  
500 |a c.1 Donación del Profesor Jorge López Santa María. MEMO N° 040. 20/10/2023. Universidad de Lima. Facultad de Derecho y Ciencias Políticas. Maestría en Derecho empresarial. 
583 |c 20231108  |k Yessy Sthefany Diaz Vidal 
650 0 |9 391659  |a Derecho patrimonial   |x Contratos, responsabilidad, derechos reales, etc.  |z Perú  
650 0 |9 255268  |a Propiedad   |x Código Civil   |z Perú  
942 |2 ddc  |c BK 
952 |0 0  |1 0  |2 ddc  |4 0  |6 346_850400000000000_CAR_199  |7 0  |8 A  |9 592310  |a BIBDER  |b BIBDER  |c GEN  |d 2023-11-08  |e Donación   |i 5659304  |o 346.8504 CAR [199-]  |p 5659304  |r 2023-11-08  |t 1  |w 2023-11-08  |y BK  |k DER